00722nam a2200241Ia 450000100060000000300090000600800410001504000130005604000130006904100130008210000180009510000290011324500430014224500410018525000110022626000100023726000100024726000490025730000570030650000580036365000280042165000310044918585IT-RoPAU130308s9999 xx 000 0 und d aIT-RoPAU cIT-RoPAU aFRANCESE aCorset Pierre gCodice Aut. SPICS: 7786 aArrete la telè, j'ecoute les gosses! bTele' Une Affaire de Famille... (La) a1a ed. aPARIS bSeuil c1982 [1° Ed.:1982 - Ed.Ling.Originale:1982] a"23 p. (prefazione: no ; testo: 23 [pagine: 10-32])" aTelevisione nella Vita Familiare scelta dei Programmi aSAGGI SULLA TELEVISIONE eCodice materia Spics: 6961